|
|
|
|
| LEADER |
01651nam a2200349 a 4500 |
| 001 |
27899 |
| 003 |
BD-DhAAL |
| 005 |
20151111020001.0 |
| 008 |
140319s2013 bg w 000 0 mul d |
| 040 |
|
|
|a BD-DhAAL
|c BD-DhAAL
|
| 082 |
0 |
0 |
|a 348.5492/046
|2 22
|
| 999 |
|
|
|c 14206
|d 14206
|
| 999 |
|
|
|c 14206
|
| 999 |
|
|
|c 13654
|
| 130 |
0 |
|
|a Dhaka Law Reports
|9 4023
|
| 245 |
0 |
4 |
|a The Dhaka law reports,
|n volume no. 65 /
|c Founder editor, Obaidul Haque Chowdhury, editor, Shahabuddin Ahmed.
|
| 246 |
1 |
7 |
|a Dhaka Law Reports.
|
| 246 |
0 |
|
|a DLR
|
| 260 |
|
|
|a Dhaka :
|b Dhaka Law Reports,
|c 2013
|
| 300 |
|
|
|a v. :
|c 24 cm.
|
| 362 |
0 |
|
|a volume LXV.
|
| 500 |
|
|
|a a monthly law journal.
|
| 541 |
|
|
|e 27899, 27900
|
| 650 |
|
0 |
|a Law reports, digests, etc.
|z Bangladesh.
|9 4026
|
| 700 |
1 |
|
|a Chowdhury, Obaidul Haque.
|9 1137
|
| 700 |
1 |
|
|a Ahmed, Shahabuddin.
|9 4025
|
| 852 |
4 |
|
|a Ayesha Abed Library
|j General shelf
|
| 942 |
|
|
|2 ddc
|c 1HOUR
|0 1
|
| 952 |
|
|
|0 0
|1 0
|2 ddc
|4 0
|6 348_549204600000000_DHA
|7 0
|8 REF
|9 23978
|a BRACUL
|b BRACUL
|c CIR
|d 2014-03-19
|l 0
|o 348.5492046 DHA
|p 3010027899
|r 2014-03-19
|t 1
|w 2014-03-19
|y 1HOUR
|
| 952 |
|
|
|0 0
|1 0
|2 ddc
|4 0
|6 348_549204600000000_DHA
|7 0
|8 REF
|9 23979
|a BRACUL
|b BRACUL
|c REF
|d 2014-03-19
|l 20
|o 348.5492046 DHA
|p 3010027900
|r 2018-07-29
|s 2018-07-29
|t 2
|w 2014-03-19
|y 1HOUR
|
| 952 |
|
|
|0 0
|1 0
|2 ddc
|4 0
|6 348_549200000000000_046_DHA
|7 0
|8 REF
|9 54152
|a BRACUL
|b BRACUL
|c REF
|d 2015-06-08
|g 994.00
|l 8
|o 348.5492046 DHA
|p 3010029168
|r 2019-11-27
|s 2019-11-27
|t 3
|w 2015-06-08
|y 1HOUR
|
| 952 |
|
|
|0 0
|1 0
|2 ddc
|4 0
|6 348_549200000000000_046_DHA
|7 0
|8 REF
|9 54206
|a BRACUL
|b BRACUL
|c REF
|d 2015-06-09
|g 994.00
|l 1
|o 348.5492046 DHA
|p 3010029166
|r 2018-07-11
|s 2018-07-11
|t 4
|w 2015-06-09
|y 1HOUR
|